000 00466nam a2200169Ia 4500
003 GCL
008 140319s9999 xx 000 0 ara d
040 _aGCL /
_cGCL
082 0 4 _aق
_b962.1
_bش ق
100 1 _aشحاته محمد اسماعيل
245 1 0 _aقراءات فى حجر رشيد /
_cشحاته محمد اسماعيل
300 _a158 ص
490 _a
650 0 4 _aالتاريخ الحديث
650 0 4 _aحجر رشيد
942 _2ddc
_cBK
999 _c44836
_d44836